| 000 | 01520nam a2200433Ii 4500 | ||
|---|---|---|---|
| 001 | DIGBN03606 | ||
| 003 | NyNyDIG | ||
| 006 | m o d | ||
| 007 | cr ||||||||||| | ||
| 008 | 100625s2009 sp ob 000 0 spa d | ||
| 020 | _z8497429346 | ||
| 020 | _z9788497429344 | ||
| 035 | _a(OCoLC)888259893 | ||
| 040 |
_aDGITA _beng _epn _cDGITA |
||
| 041 | 1 |
_aspa _hfre |
|
| 050 | 1 | 4 | _aBH301.L3 eBook |
| 100 | 1 |
_aBerque, Augustín, _d1942- |
|
| 240 | 1 | 0 |
_aPensée paysagère . _lSpanish |
| 245 | 1 | 3 |
_aEl pensamiento paisajero / _cAugustín Berque ; edición de Javier Maderuelo. |
| 264 | 1 |
_aMadrid : _bBiblioteca Nueva, _c2009. |
|
| 300 | _a1 online resource (136 pages) | ||
| 336 |
_atext _btxt _2rdacontent |
||
| 337 |
_acomputer _bc _2rdamedia |
||
| 338 |
_aonline resource _bcr _2rdacarrier |
||
| 490 | 1 |
_aPaisaje y teoría ; _v6. |
|
| 500 | _aTranslation of: La pensée paysagère. Paris : Archibooks + Sautereau éd., 2008. | ||
| 504 | _aIncludes bibliographical references (p. 121-130) | ||
| 650 | 0 | _aLandscape. | |
| 650 | 0 |
_aLandscape architecture _xPhilosophy. |
|
| 650 | 0 | _aNature (Aesthetics) | |
| 655 | 0 | _aElectronic books. | |
| 700 | 1 | _aMaderuelo, Javier. | |
| 791 | 2 |
_aDigitalia (Firm), _edistributor. |
|
| 830 | 0 |
_aColección Paisaje y teoría (Biblioteca Nueva (Firm)) ; _v6. |
|
| 793 | 0 |
_gDigitalia eBook Collection: _aBiblioteca Nueva |
|
| 856 | 4 | 0 |
_3Digitalia Hispánica _uhttps://www.digitaliapublishing.com/a/6307/ |
| 910 | _aPremium Collection: 2007-2012 | ||
| 942 | _cRAA | ||
| 999 |
_c231529 _d231529 |
||